000 00737cab a2200217 4500
001 WB2718-15
008 090401t1991 xxu||||| |||| 00| 0 eng d
035 _a(Sirsi) u69798
041 _aeng
245 _aProperty futures launched
260 _c1991
350 _a0
490 _aIndependent
_v8/5/91 p23
520 _aIn the first move of its kind world wide, the London Futures and Options Exchange is launch ing property futures , which will be of four contract types, commercial property , commercial rent, residential property and mortgage rate.
650 _aFUTURES MARKET
650 _aINVESTMENT
650 _aLONDON FOX
690 _aPROPERTY-PROPERTY FINANCE AND INVESTMENT
942 _n0
948 _c04/03/1997
999 _c43878
_d43878